Managing innovation (Record no. 617303)

MARC details
000 -LEADER
fixed length control field 00909nam a2200265Ia 4500
003 - CONTROL NUMBER IDENTIFIER
control field OSt
005 - DATE AND TIME OF LATEST TRANSACTION
control field 20220926010452.0
008 - FIXED-LENGTH DATA ELEMENTS--GENERAL INFORMATION
fixed length control field 220923b |||||||| |||| 00| 0 eng d
020 ## - INTERNATIONAL STANDARD BOOK NUMBER
International Standard Book Number 9788126557134
037 ## - SOURCE OF ACQUISITION
Terms of availability General Book
040 ## - CATALOGING SOURCE
Original cataloging agency RTL
Transcribing agency RTL
Language of cataloging eng
041 ## - LANGUAGE CODE
Source of code eng
Language code of text/sound track or separate title eng
100 ## - MAIN ENTRY--PERSONAL NAME
Personal name TIDD Joe
9 (RLIN) 312335
245 #0 - TITLE STATEMENT
Title Managing innovation
Remainder of title Integrating technological, market and organizational change
260 ## - PUBLICATION, DISTRIBUTION, ETC.
Place of publication, distribution, etc. New Delhi
Name of publisher, distributor, etc. Wiley India
Date of publication, distribution, etc. 2013
300 ## - PHYSICAL DESCRIPTION
Extent xix,660p
Dimensions cm.
500 ## - GENERAL NOTE
General note Bibliography Chapterwise; Glossary: p 347-352; Note: with CD
650 ## - SUBJECT ADDED ENTRY--TOPICAL TERM
Topical term or geographic name entry element Commerce
700 ## - ADDED ENTRY--PERSONAL NAME
Personal name BESSANT John
9 (RLIN) 269816
942 ## - ADDED ENTRY ELEMENTS (KOHA)
Classification part X:80gF, Q3
Koha item type General Books
Source of classification or shelving scheme Colon Classification (CC)
Holdings
Withdrawn status Lost status Damaged status Not for loan Home library Current library Date acquired Source of acquisition Cost, normal purchase price Total Checkouts Full call number Barcode Date last seen Cost, replacement price Price effective from Koha item type
        Ratan Tata Library Ratan Tata Library 2022-09-26 5675, 30/12/2015, RAJKIRAN BOOK AGENCY 636.65   X:80gF Q3 RT1461772 2022-09-26 636.65 2022-09-26 General Books
Copyright @ Delhi University Library System